000
00266nam a2200109Ia 4500
005
20260328101453.0
008
260328s9999||||xx |||||||||||||| ||und||
245
0
_a
Iittala :
_b
Designed to be combined /
300
_a
66 p.
650
_a
DISEÑO INDUSTRIAL
942
_c
BK
999
_c
8754
_d
8754